header

The School Bus Driver from the Black Lagoon (Record no. 262439)

MARC details
000 -LEADER
fixed length control field 00234nam a22000977a 4500
020 ## - INTERNATIONAL STANDARD BOOK NUMBER
ISBN 0439067502
100 ## - MAIN ENTRY--AUTHOR NAME
Personal name Mike Thaler
245 ## - TITLE STATEMENT
Title The School Bus Driver from the Black Lagoon
260 ## - PUBLICATION, DISTRIBUTION, ETC. (IMPRINT)
Place of publication New York
Name of publisher Scholastic
Year of publication 1999
942 ## - ADDED ENTRY ELEMENTS (KOHA)
Koha item type Long Loan Books
Holdings
Withdrawn status Lost status Collection code Home library Current library Shelving location Date acquired Accession Number Koha item type
    Fiction Rongo University Library Rongo University Library Children's Area 17/01/2024 CL2021844 Long Loan Books
    Fiction Rongo University Library Rongo University Library Children's Area 17/01/2024 CL2021370 Long Loan Books

© 2026 Rongo University
Contact us: librarian | system librarian | Rongo university